| 000 | 00862nmc a2200313 a 4500 | ||
|---|---|---|---|
| 003 | AR-BaBNM | ||
| 005 | 20251128211204.0 | ||
| 008 | 153020s2000 ||||||||||||||000 | spa|| | ||
| 020 | _a987-538-004-0 | ||
| 040 | _cAR-BaBNM | ||
| 100 | 1 | _aTorres, Rosa María | |
| 245 | 1 | 0 | _aLa evaluación |
| 250 | _a1ª ed. | ||
| 260 |
_aBuenos Aires _bEdiciones Novedades Educativas _c2000 |
||
| 300 | 0 | _a95 p. | |
| 490 | 0 | _aReflexión y debate | |
| 504 | _aContiene referencias bibliográficas al final de cada capítulo | ||
| 650 | 4 | _aPOLITICA EDUCATIVA | |
| 650 | 4 | _aCONDICIONES DE TRABAJO DEL DOCENTE | |
| 650 | 4 | _aCALIDAD DE LA EDUCACION | |
| 650 | 4 | _aREPETICION | |
| 651 | 4 | _aArgentina | |
| 653 | 0 | _aEVALUACION EDUCATIVA | |
| 653 | 0 | _aAUTONOMIA | |
| 700 | 1 | _aBertoni, Alicia L. de | |
| 700 | 1 | _aCelman, Susana | |
| 942 | _cBK | ||
| 998 | _craquel | ||
| 999 |
_c18639 _d18639 |
||